| 000 | 00488nam a22001817a 4500 | ||
|---|---|---|---|
| 005 | 20260519113426.0 | ||
| 020 | _a9788131516256 | ||
| 041 | _aENG | ||
| 082 |
_a658.4034 _bDUR |
||
| 100 | _aDurga Prasad, M. V. | ||
| 245 |
_aOperations research / _cM. V. Durga Prasad. |
||
| 260 |
_aDelhi : _bCengage , _c2012 . |
||
| 300 |
_axii, 439 pages : _bIllustrations; _c24 cm. |
||
| 504 | _aInclude index. | ||
| 650 | _aDecision making | ||
| 650 | _aMathematical optimization | ||
| 942 |
_2ddc _cBK |
||
| 999 |
_c24328 _d24328 |
||